Central Library OPAC University of Rajshahi

کتاب فتوح البلدان ;; Kitabu Fatuh al-Buldan / (Record no. 81680)

MARC details
000 -LEADER
fixed length control field 00801nam a2200205 4500
001 - CONTROL NUMBER
control field 81680)
003 - CONTROL NUMBER IDENTIFIER
rucl marc code BD-RjUL
005 - DATE AND TIME OF LATEST TRANSACTION
control field 20230813125224.0
008 - FIXED-LENGTH DATA ELEMENTS--GENERAL INFORMATION
fixed length control field 230813s1901 s ||||| |||| 00| 0 ara d
035 ## - SYSTEM CONTROL NUMBER
System control number (BD-RjUL) 81680)
040 ## - CATALOGING SOURCE
Original cataloging agency BD-RjUL
Language of cataloging eng
Transcribing agency BD-RjUL
041 ## - LANGUAGE CODE
Language code of text/sound track or separate title ara
082 ## - DEWEY DECIMAL CLASSIFICATION NUMBER
Edition number 23
Classification number 956.01
Author mark and year BAK 1901 [1318]
100 ## - MAIN ENTRY--PERSONAL NAME
Personal name االبلاذري، أحمد بن يحيى بن جابر، ;; Al-Balaziri, Ahmad bin Yahya bin Jabir,،
9 (RLIN) 8326
245 10 - TITLE STATEMENT
Title کتاب فتوح البلدان ;; Kitabu Fatuh al-Buldan /
Statement of responsibility, etc. أحمد بن يحيى بن جابراالبلاذري، Ahmad bin Yahya bin Jabar al-Balaziri,
264 ## - PRODUCTION, PUBLICATION, DISTRIBUTION, MANUFACTURE, AND COPYRIGHT NOTICE
Place of production, publication, distribution, manufacture القاهرة:
Name of producer, publisher, distributor, manufacturer شركة طبع الكتب العربية،
Date of production, publication, distribution, manufacture, or copyright notice 1901 [1318
300 ## - PHYSICAL DESCRIPTION
Pagination 478 p. ;
650 ## - SUBJECT ADDED ENTRY--TOPICAL TERM
Topical term or geographic name as entry element Islamic Empire History
9 (RLIN) 8327
942 ## - ADDED ENTRY ELEMENTS (KOHA)
Source of classification or shelving scheme Dewey Decimal Classification
Koha item type Books
Holdings
Lost status Source of classification or shelving scheme Damaged status Not for loan Collection code Permanent Location Current Location Shelving location Date acquired Source of acquisition Total Checkouts Full call number Date last seen Copy number Koha item type
  Dewey Decimal Classification   Not For Loan Non-fiction Central Library, University of Rajshahi Central Library, University of Rajshahi Reading Room 07/04/1994 xrox   A 956.01 BAK 1901 [1318] 13/08/2023 C-1 Books